000 00816nam a2200253Ia 4500
003 OSt
005 20220930064725.0
006 a|||||r|||| 00| 0
007 ta
008 220926b |||||||| |||| 00| 0 eng d
024 _a4625
037 _cTheses
040 _aCRL
_cCRL
_beng
041 _2eng
_aeng
100 _aHari Om
110 _aUniversity of Delhi. Faculty of Science. Department of Chemistry
_9519399
245 0 _aStudies on some ternary Ion-Association complexes and in Vitro evaluation of their bacteriostatic activity
260 _c1985
650 _aCHEMISTRY
700 _a Prof H B Singh Supervisor
_9522950
700 _aUniversity of Delhi. Faculty of Science. Department of Chemistry
_9519402
942 _cDIS
_2CC
999 _c858590
_d858590